Úvod

Uložené v:
Podrobná bibliografia
Hlavný autor: Kvapil, Roman, 1971-
Médium: Kapitola
Jazyk:Slovak
Tagy: Pridať tag
Žiadne tagy, Buďte prvý, kto otaguje tento záznam!

MARC

LEADER 00000nla$a2200000$$$4500
001 0243722
005 20240502073940.2
041 0 |a slo 
044 |a SK 
245 1 0 |a Úvod  |c Roman Kvapil 
100 1 |a Kvapil, Roman, 1971-